The epistles of Paul the apostle to the Thessalonians. (Record no. 5944)

000 -LEADER
fixed length control field 00600nam a2200181 a 4500
001 - CONTROL NUMBER
control field :::00003687$&:&@@
003 - CONTROL NUMBER IDENTIFIER
control field OkBaRHE
005 - DATE AND TIME OF LATEST TRANSACTION
control field 20000607103310.0
008 - FIXED-LENGTH DATA ELEMENTS--GENERAL INFORMATION
fixed length control field s1972 j 000 0 eng u
040 ## - CATALOGING SOURCE
Transcribing agency
100 1# - MAIN ENTRY--PERSONAL NAME
Personal name Greene, Oliver B.
245 14 - TITLE STATEMENT
Title The epistles of Paul the apostle to the Thessalonians.
260 ## - PUBLICATION, DISTRIBUTION, ETC. (IMPRINT)
Place of publication, distribution, etc Greenville, SC., :
Name of publisher, distributor, etc The Gospel Hour, Inc.
Date of publication, distribution, etc 1972
300 ## - PHYSICAL DESCRIPTION
Extent 308 p. ;
Dimensions 20 cm.
650 ## - SUBJECT ADDED ENTRY--TOPICAL TERM
Topical term or geographic name as entry element Bible New Testament Thessalonians
General subdivision Commentaries
942 ## - ADDED ENTRY ELEMENTS (KOHA)
Source of classification or shelving scheme
Koha item type Books
Copies
Full call number Damaged status Koha item type Source of classification or shelving scheme Barcode Not for loan Price effective from Withdrawn status Date acquired Lost status Permanent Location Date last seen Copy number Shelving location
BS 2725.3 .G73 Books 3687 2010-04-14 2010-04-14 RHEMA Bible Training College2018-04-031General Stacks